Detalles MARC
| 000 -LÍDER |
| Campo fijo de descripción fija |
01166aam a2200337 4500 |
| 001 - NÚMERO DE CONTROL |
| Campo de control |
20637 |
| 003 - IDENTIFICADOR DEL NÚMERO DE CONTROL |
| Campo de control |
CO-MdFUSB |
| 005 - FECHA Y HORA DE LA ULTIMA TRANSACCIÓN |
| control field |
20171120101649.0 |
| 008 - ELEMENTOS DE LONGITUD FIJA -- INFORMACIÓN GENERAL |
| Campo fijo de descripción fija -- Información general |
170512s1991 xxu||||f |||| 00| 0 eng d |
| 020 ## - NÚMERO INTERNACIONAL NORMALIZADO PARA LIBROS |
| Número Internacional Normalizado del libro |
90-6831-161-1 |
| 040 ## - FUENTE DE CATALOGACIÓN |
| Agencia de catalogación original |
CO-MdFUSB |
| Idioma de catalogación |
spa |
| Agencia que realiza la transcripción |
CO-MdFUSB |
| Agencia que realiza la modificación |
CO-MdFUSBC |
| Convenciones de la descripción |
rda |
| 041 ## - CÓDIGO DE IDIOMA |
| Código de idioma para texto/pista de sonido o título separado |
eng |
| 082 ## - NÚMERO DE CLASIFICACIÓN DECIMAL DEWEY |
| Número de la edición del Dewey |
24 |
| Número de clasificación |
226.206 |
| Clave de autor-Numero de item |
L226o |
| 100 1# - ASIENTO PRINCIPAL--NOMBRE PERSONAL |
| Nombre personal |
Lambrecht, Jan |
| Término relacionador |
autor |
| 245 10 - TÍTULO |
| Título del Material |
Out of the treasure |
| Parte restante del título - Subtitulo |
: The parables in the gospel of Matthew |
| Mención de responsabilidad, etc. |
/ Jan Lambrecht |
| 264 #1 - PRODUCCIÓN, PUBLICACIÓN, DISTRIBUCIÓN, MANUFACTURA, Y COPYRIGHT |
| Lugar de producción, publicación, distribución, manufactura |
Louvain, Belgium : |
| Nombre del productor, publicador, distribuidor |
Peeters Press, |
| Fecha de producción, publicación, distribución, manufactura, o copyright |
℗[1992] |
| 264 #4 - PRODUCCIÓN, PUBLICACIÓN, DISTRIBUCIÓN, MANUFACTURA, Y COPYRIGHT |
| Fecha de producción, publicación, distribución, manufactura, o copyright |
©1991 |
| 300 ## - DESCRIPCIÓN FÍSICA |
| Extensión |
299 páginas |
| 336 ## - TIPO DE CONTENIDO |
| Fuente |
rdacontent |
| Término de tipo de contenido |
texto |
| Código de tipo de contenido |
txt |
| 337 ## - TIPO DE MEDIO |
| Fuente |
rdamedia |
| Nombre del tipo de medio |
sin mediación |
| Código del tipo de medio |
n |
| 338 ## - TIPO DE SOPORTE |
| Fuente |
rdacarrier |
| Nombre del tipo de soporte |
volumen |
| Código Tipo de soporte |
nc |
| 490 ## - MENCIÓN DE SERIE |
| Mención de serie |
Louvain Theological & Pastoral Monographs |
| 500 ## - NOTA GENERAL |
| Nota General |
Título original: Nieuw en oud uit de schat. De parabels van het Matteüsevangelie |
| 501 ## - NOTA DE “CON” |
| Nota de Contenido |
Incluye indices (páginas: 291- 299) |
| 504 ## - NOTA DE BIBLIOGRAFÍA, ETC. |
| Nota de bibliografía, etc |
Bibliografía (páginas: 282- 284) |
| 505 00 - NOTA DE CONTENIDO |
| Nota de contenido con formato preestablecido |
Un comentario sobre las parábolas en Mateo |
| 563 ## - NOTA DE ENCUADERNACIÓN |
| Nota de encuadernación |
Rústico |
| 630 #7 - TITULO UNIFORME |
| Título uniforme |
Biblia. |
| Subdivisión de forma |
Mateo |
| -- |
Parabolas |
| Subdivisión de materia general |
Crítica, interpretación, etc. |
| 942 ## - TIPO DE MATERIAL (KOHA) |
| Tipo de Item KOHA |
Libros General |